| 000 | 00420nam a2200157Ia 4500 | ||
|---|---|---|---|
| 008 | 180423s9999 xx 000 0 und d | ||
| 040 | _aPK-NaQUE | ||
| 100 | _a11ME34 | ||
| 100 | _aAshfaque Ahmed Bhand | ||
| 245 | 0 | _aExperimental Analysis of Modified Forms of Savounius Wind Turbine | |
| 260 | _aNawabshah | ||
| 260 | _bQUEST | ||
| 260 | _c2011 | ||
| 300 | _a58 | ||
| 700 | _aDepartment of Mechanical Engineering | ||
| 999 |
_c58485 _d58482 |
||